Catálogo público

Biological control of plant diseases : (Record no. 200549)

MARC details
000 -CABECERA
campo de control de longitud fija 00867nam a2200289Ia 4500
001 - NÚMERO DE CONTROL
campo de control Para_1942
003 - IDENTIFICADOR DEL NÚMERO DE CONTROL
campo de control CHAP
008 - DATOS DE LONGITUD FIJA--INFORMACIÓN GENERAL
campo de control de longitud fija 220125s1992 xx 000 0 und d
010 ## - NÚMERO DE CONTROL DE LA BIBLIOTECA DEL CONGRESO
Número de control de LC 200549
040 ## - FUENTE DE LA CATALOGACIÓN
Centro/agencia transcriptor CHAP
082 ## - NÚMERO DE LA CLASIFICACIÓN DECIMAL DEWEY
Número de clasificación PA 632.96 T5
100 ## - ENTRADA PRINCIPAL--NOMBRE DE PERSONA
Nombre de persona Tjamos, E.C.
9 (RLIN) 165410
245 ## - MENCIÓN DE TÍTULO
Título Biological control of plant diseases :
Resto del título progress and challenges for the future /
Mención de responsabilidad, etc. by E.C. Tjamos, G.C. Papavizas and R.J. Cook
260 ## - PUBLICACIÓN, DISTRIBUCIÓN, ETC.
Lugar de publicación, distribución, etc. New York :
Nombre del editor, distribuidor, etc. Plenum press
300 ## - DESCRIPCIÓN FÍSICA
Extensión 462 p.
440 ## - MENCIÓN DE SERIE/PUNTO DE ACCESO ADICIONAL--TÍTULO
Título Nato asi series a : life sciences; 230
9 (RLIN) 165411
650 ## - PUNTO DE ACCESO ADICIONAL DE MATERIA--TÉRMINO DE MATERIA
Término de materia o nombre geográfico como elemento de entrada Control biológico de hongos
9 (RLIN) 27580
700 ## - PUNTO DE ACCESO ADICIONAL--NOMBRE DE PERSONA
Nombre de persona Cook, R.J.
9 (RLIN) 165412
700 ## - PUNTO DE ACCESO ADICIONAL--NOMBRE DE PERSONA
Nombre de persona Papavizas, G.C.
9 (RLIN) 165413
901 ## - ELEMENTOS DE DATOS A LOCAL LDA (RLIN)
a PA 632.96 T5
902 ## - ELEMENTOS DE DATOS B LOCAL, LDB (RLIN)
a A
905 ## - ELEMENTOS DE DATOS E LOCAL, LDE (RLIN)
a 0000001992 i 0000000000 00
910 ## - DATOS DE OPCIÓN DEL USUARIO (OCLC)
Datos de opción del usuario 1992
942 ## - ELEMENTOS DE PUNTO DE ACCESO ADICIONAL (KOHA)
Tipo de ítem Koha Parasitologia_
942 ## - ELEMENTOS DE PUNTO DE ACCESO ADICIONAL (KOHA)
Tipo de ítem Koha Parasitologia_
-- 1
Holdings
Estado de retiro Estado de pérdida Fuente del sistema de clasificación o colocación Estado dañado No para préstamo Código de colección Localización permanente Ubicación/localización actual Fecha de adquisición Número de inventario Total de préstamos Signatura topográfica completa Código de barras Fecha visto por última vez Número de copia Precio válido a partir de Tipo de ítem Koha Nota pública
    Dewey Decimal Classification     General Parasitologia Agricola Parasitologia Agricola 27/10/2005 (PA_7581) (No. UACh 180189)   PA 632.96 T5 4102003083 25/01/2022 Ej.1 25/01/2022 Libro 3